000
00231nam a2200097Ia 4500
008
230915s9999 xx 000 0 und d
050
_a
HM15.P37
100
_a
TALCOTT PARSONS
245
0
_a
ESSAYS IN PSYCHOLOGICAL THEORY
942
_c
BK
999
_c
87749
_d
87749